000
00293nam a2200121Ia 4500
008
190216s9999||||xx |||||||||||||| ||und||
100
_a
"Serway,Jewett"
245
0
_a
Physics A Calculus-Based Approach
260
_b
Cengage Learning
_c
2008
300
_a
1057
650
_a
Physics
942
_c
BK
999
_c
34590
_d
34590